1999 1460 1689 1532 1290 1558 1032 1652 1923 1774 1560 1881 1870 1326 1568 1235 1179 1910 1716 1139 1057 1217 1896 1484 1756 1937 1161 1405 1203 1870 1371 1337 1799 1419 1688 1521 1255 1834 1607 1969 1575 1678 1722 1767 1815 1696 1741 1738 1279 1054 1715 1711 1313 1121 1862 1282 1996 1172 1043 1643 1576 1043 1371 1856 1938 1617 1485 1623 1873 1718 1835 1172 1961 1548 1284 1862 1529 1176 1686 1551 1942 1276 1496 1225 1643 1104 1944 1308 1621 1908 1045 1766 1674 1476 1975 1984 1195 1343 1159 BCNSPRNW ULIB Ver.6.0+V

เปลี่ยนเป็นภาษาไทย

Change to English
 แสดงรายละเอียดบรรณานุกรม
  กลับหน้าหลัก

Brief Record : Get Marc (ISO 2709) : E-mail record : QR code < ปิดหน้าต่าง
LEADER : 00000nam 2200000uu 4500
001    13399120403
003     ULIB
008    120919s2549||||th 000 0 tha d
020    ^a974971296X
060  4 ^aWA400^bด123ผ 2549
100 0  ^aดนัย บวรเกียรติกุล
245 10 ^aผลกระทบสิ่งแวดล้อมและปัญหาสุขภาพจากการท่องเที่ยวและนันทนาการ /^cดนัย บวรเกียรติกุล
250    ^aพิมพ์ครั้งที่ 1
260    ^aกรุงเทพฯ :^bโอเดียนสโตร์,^c2549
300    ^a190 หน้า :^bภาพประกอบ ;^c24 ซม.
650  7 ^aการท่องเที่ยว
650  7 ^aการวิเคราะห์ผลกระทบสิ่งแวดล้อม
650  7 ^aนันทนาการ
650  7 ^aอนามัยสิ่งแวดล้อม
945    ^p130^l0^i24800
995    ^aกัณชพร
999 ^a ใช้งานได้ทุกระบบ
รายการนี้ยังไม่มีแท็ก
คุณยังไม่ได้ล็อกอิน คุณสามารถมีกิจกรรมร่วมกับเว็บไซต์ได้ แต่ต้องล็อกอินก่อน ::
  ล็อกอิน

รายการสื่อสารสนเทศ

ลำดับที่ ประเภท เลขเรียก/บาร์โค้ด สถานที่ สถานะ
1. วิทยาศาสตร์การแพทย์ และสุขภาพ
วิทยาศาสตร์การแพทย์ และสุขภาพ
WA400 ด123ผ 2549  
  Barcode: 24800
ห้องสมุดวิทยาเขตสวรรค์ประชารักษ์
►หนังสือทั่วไป
บนชั้น

รายการใกล้เคียง
    ผู้แต่ง [ดนัย บวรเกียรติกุล]

    หัวเรื่อง [การท่องเที่ยว]
    หัวเรื่อง [การวิเคราะห์ผลกระทบสิ่งแวดล้อม]
    หัวเรื่อง [นันทนาการ]
    หัวเรื่อง [อนามัยสิ่งแวดล้อม]

BibComment


ยังไม่เคยถูกคอมเมนท์

คอมเมนท์ทรัพยากรรายการนี้
  คอมเมนท์: ผลกระทบสิ่งแวดล้..


 Copyright 2026. Bcnsprnw @Library